000 00675nas a2200229 4500
001 BR0001372
003 BR-BrBNA
005 20231205101807.0
007 ta
008 230509b bl.|||p| |||| 00| 00por d
040 _aBR-BrBNA
_bpor
_cBiblioteca Nacional de Agricultura
041 _a(Pt)
072 _aL70; E12
100 1 _aCamargo, S.L. da S.
245 1 _aMarketing na clinica veterinaria de pequenos animais
650 _aVeterinaria
650 _aMercado de Trabalho
650 _aFormacao Profissional
773 0 _tRevista CFMV (Brazil)
_x
_g(Mar-Jun 1999), v. 5(16) p. 13-17
_wBR0001372
909 _a202311
_bLúcia
_c55
_dLúcia Elande
942 _2AGRIS
_n0
_cANA
999 _c163964
_d163964